Responsabilidad de los profesionales en ciencias económicas (Registro nro. 1732)

Detalles MARC
000 -LEADER
fixed length control field 01404 a2200265 4500
001 - CONTROL NUMBER
control field 28714
005 - DATE AND TIME OF LATEST TRANSACTION
control field 20260407155557.0
008 - FIXED-LENGTH DATA ELEMENTS--GENERAL INFORMATION
fixed length control field 260407a2005 arg spa d
003 - CONTROL NUMBER IDENTIFIER
control field AR-UNSa-BCEJYS
040 ## - CATALOGING SOURCE
Original cataloging agency AR-UNSa-BCEJYS
Language of cataloging spa
Transcribing agency AR-UNSa-BCEJYS
080 ## - UNIVERSAL DECIMAL CLASSIFICATION NUMBER
Universal Decimal Classification number 347.56
Common auxiliary subdivision Responsabilidad profesional
020 ## - INTERNATIONAL STANDARD BOOK NUMBER
International Standard Book Number 987-03-0627-3
041 ## - LANGUAGE CODE
Language code of text/sound track or separate title spa
100 1# - MAIN ENTRY--PERSONAL NAME
Personal name Cesano, José Daniel
245 10 - TITLE STATEMENT
Title Responsabilidad de los profesionales en ciencias económicas
Name of part/section of a work obligaciones de los profesionales en ciencias económicas desde las ópticas civil, comercial y penal
264 #1 - PRODUCTION, PUBLICATION, DISTRIBUTION, MANUFACTURE, AND COPYRIGHT NOTICE
Place of production, publication, distribution, manufacture Buenos Aires :
Name of producer, publisher, distributor, manufacturer La Ley
Date of production, publication, distribution, manufacture, or copyright notice 2005
300 ## - PHYSICAL DESCRIPTION
Extent xix, 459 p.
Dimensions 28 cm.
505 ## - FORMATTED CONTENTS NOTE
Formatted contents note 1. Responsabilidad civil de los profesionales en ciencias económicas - 2. Responsabilidad de los contadores independientes - 3. Responsabilidad civil de los auditores de cuentas - 4. Responsabilidad civil de síndicos societarios - 5. Responsabilidad de los profesionales en ciencias económicas, en ocasión de su desempeño como síndicos concursales - 6. Cuantificación de los daños resarcibles
590 ## - LOCAL NOTE (RLIN)
Local note niveau_biblio:m niveau_hierar:0
700 1# - ADDED ENTRY--PERSONAL NAME
Personal name López Mesa, Marcelo J.
700 1# - ADDED ENTRY--PERSONAL NAME
Personal name Gambino, Stella Maris
700 1# - ADDED ENTRY--PERSONAL NAME
Personal name Moyano Rodríguez, Mariano
856 41 - ELECTRONIC LOCATION AND ACCESS
Uniform Resource Identifier <a href="https://biblioeco.unsa.edu.ar/pmb/images/libros/Responsabilidad de los Profesionales en Ciencias Econ?micas-l125026.jpg">https://biblioeco.unsa.edu.ar/pmb/images/libros/Responsabilidad de los Profesionales en Ciencias Econ?micas-l125026.jpg</a>
Link text Imagen de portada
Electronic format type image/jpeg
942 ## - ADDED ENTRY ELEMENTS (KOHA)
Koha item type
Existencias
Withdrawn status Lost status Damaged status Not for loan Home library Current library Shelving location Date acquired Total checkouts Full call number Barcode Date last seen Price effective from Koha item type
        Biblioteca Prof. Eusebio Cleto del Rey Biblioteca Prof. Eusebio Cleto del Rey   07/04/2026   347.56 L864 L125025 07/04/2026 07/04/2026 Libro
        Biblioteca Prof. Eusebio Cleto del Rey Biblioteca Prof. Eusebio Cleto del Rey   07/04/2026   347.56 L864 L125026 07/04/2026 07/04/2026 Libro